ASME 2008 International Mechanical Engineering Congress and Exposition - Volume 11: Mechanical Systems and Control

গ্রন্থ-পঞ্জীর বিবরন
বিন্যাস: বৈদ্যুতিক পত্রিকা
ভাষা:English
প্রকাশিত: ASME
অনলাইন ব্যবহার করুন:Full text available on ASME[2008-2008]
Off-campus access
LEADER 01009cas a2200181 a 4500
001 AALConferenceProceedingsASME000527
008 230101c9999 xx r poo 0 0eng d
020 |a 978-0-7918-4872-2 
040 |a BD-DhAAL  |c BD-DhAAL 
245 0 0 |h [electronic resource]  |a ASME 2008 International Mechanical Engineering Congress and Exposition - Volume 11: Mechanical Systems and Control 
260 |b ASME 
300 |a 1 online resource 
500 |a <strong>Off-Campus Access:</strong> Athens ID and Password Required 
500 |a <strong>On-Campus Access:</strong> No User ID or Password Required 
506 |a Electronic access restricted to authorized BRAC University faculty, staff and students 
538 |a Mode of access: Internet 
856 4 0 |z Full text available on ASME[2008-2008]  |u https://asmedigitalcollection.asme.org/IMECE/IMECE2008/volume/48722 
856 4 0 |z Off-campus access  |u https://go.openathens.net/redirector/bracu.ac.bd?url=https%3A%2F%2Fasmedigitalcollection.asme.org%2FIMECE%2FIMECE2021%2Fvolume%2F85611